007850000a22002050004500001001000000003001000010005001700020008004100037040004100078041000800119100002700127245007300154300006400227546002300291650003100314773011900345942000800464952009000472999001700562768714001CO-MdFUSB20170420155342.0170420s2002 cr ||||| |||| 00| 0 spa d aCO-MdFUSBbspacCO-MdFUSBdCO-MdFUSB aspa1 aMorales, Rafaeleautor10aQuiero visitar a mi familia : bcomo Dios obra aún en los fracasos aVolumen 1-4, número 1-12, (2002), Páginas 10-11c27 cm. aTexto en español14aTRABAJO SOCIAL CON NIÑOS0 tAlcanzando a los Niños en Riesgo049458960566gVolumen 1-4, número 1-12, (2002), Páginas 10-11qPágina 10 cANA 001040708HEMaFUSBCbFUSBCd2016-01-26l0o r2016-01-26 00:00:00w2016-01-26yANA c49596d49596